000 01954nam a2200205Ii 4500
008 221202s xx 000 0 und d
245 4 _aThe Cultural Life of Money (Volume 6)
264 _bDe Gruyter
_c2015
300 _a1 online resource
336 _atext
_btxt
_2rdacontent
337 _acomputer
_bc
_2rdamedia
338 _aonline resource
_bcr
_2rdacarrier
520 _aThe book discusses how culture simultaneously shapes and is shaped by the economy. Over the past few years, as the world has staggered from one financial crisis to another, the neat separation of economics and culture has been consistently challenged. To understand the current state of affairs, it has become increasingly necessary to understand the conjuncture that rules the production of value in economic systems, how money shapes social relations and affects discursive practices. By discussing the vocabulary, by understanding the rhetoric and interpreting the narratives, be it of crisis, austerity, growth, welfare, neo-liberalism or socialism, new modes of imaging the economic system may be made possible. The book is structured in four chapters dealing with theory and conjuncture ("Philosophies of Money"), with the visual arts and investment ("The Arts and Finance"), with literary representation and narrativity ("Literature and Money Matters") and with the cognitive impact of fiduciary representation ("Cognitive Moneyscapes"). This collection analyses the process whereby a material icon invested with the symbolical power to rule social exchange becomes an explanatory narrative determining the way societies produce meaning.
653 _aBusiness & Economics
653 _aEconomics
700 1 _aCapeloa Gil, Isabel
700 1 _aGonçalves da Silva, Helena
856 _uhttps://docs.google.com/spreadsheets/d/1yKIrdCPDAG_9c22mwoOIO2DOhtj65Wqa/edit?usp=sharing&ouid=106555315294820607512&rtpof=true&sd=true
_yList of Curated E-Books
942 _cE-BOOK
999 _c97170
_d97167